भूगोल-शिक्षण की आधुनिक विधियाँ (Record no. 5380)
[ view plain ]
| 000 -LEADER | |
|---|---|
| fixed length control field | 01133 a2200217 4500 |
| 005 - DATE AND TIME OF LATEST TRANSACTION | |
| control field | 20080909121320.0 |
| 008 - FIXED-LENGTH DATA ELEMENTS--GENERAL INFORMATION | |
| fixed length control field | 080909t xxu||||| |||| 00| 0 hin d |
| 010 ## - LIBRARY OF CONGRESS CONTROL NUMBER | |
| LC control number | HIN-80281 |
| 020 ## - INTERNATIONAL STANDARD BOOK NUMBER | |
| International Standard Book Number | 8189394037 |
| Terms of availability | 100.00 |
| 035 ## - SYSTEM CONTROL NUMBER | |
| System control number | HN-52627 |
| 037 ## - SOURCE OF ACQUISITION | |
| Source of stock number/acquisition | D.B.Act / pub |
| 082 ## - DEWEY DECIMAL CLASSIFICATION NUMBER | |
| Classification number | 910.7 |
| 100 ## - MAIN ENTRY--PERSONAL NAME | |
| Personal name | टी. वात्स्यायन |
| 245 ## - TITLE STATEMENT | |
| Title | भूगोल-शिक्षण की आधुनिक विधियाँ |
| Statement of responsibility, etc | वात्स्यायन टी. |
| 246 ## - VARYING FORM OF TITLE | |
| Title proper/short title | Bhoogol -shikshan kee aadhunik vidhiyan |
| Remainder of title | By T. Vatsyayan |
| 260 ## - PUBLICATION, DISTRIBUTION, ETC. (IMPRINT) | |
| Place of publication, distribution, etc | दिल्ली |
| Name of publisher, distributor, etc | लोक शिक्षा मंच |
| Date of publication, distribution, etc | 2006 |
| 270 ## - ADDRESS | |
| Address | 1/11052-ए, सुभाष पार्क, शाहदरा |
| City | दिल्ली |
| Postal code | 110032 |
| 300 ## - PHYSICAL DESCRIPTION | |
| Extent | 92पृ |
| Dimensions | 22 सेमी(सजिल्द) |
| 942 ## - ADDED ENTRY ELEMENTS (KOHA) | |
| Institution code [OBSOLETE] | dpl |
| Koha item type | Hindi Books |
| Call number prefix | 910.7 / टीवात्स्या |
| Source of classification or shelving scheme | Dewey Decimal Classification |
| Classification part | 910.7 |
| Call number suffix | टीवात्स्या |
| Withdrawn status | Lost status | Damaged status | Not for loan | Home library | Current library | Date acquired | Cost, normal purchase price | Total Checkouts | Full call number | Barcode | Date last seen | Copy number | Uniform Resource Identifier | Cost, replacement price | Price effective from | Koha item type |
|---|---|---|---|---|---|---|---|---|---|---|---|---|---|---|---|---|
| D.B.Act.Division | D.B.Act.Division | 09/09/2008 | 100.00 | 910.7 टीवात्स्या | HN-52627 | 15/09/2008 | 1 | 5726 | 100.00 | 15/09/2008 | Hindi Books |
